Schnell klicker - Statistiken

Allgemein
  • Dieses Quiz wurde 254 mal gespielt
    41 seit der letzten Aktualisierung
  • Das Durchschnittsergebnis liegt bei 19 aus 35
Antwortstatistiken
Hint Antwort % Korrekt
F F
100%
B B
91%
3 3
82%
4 4
82%
6 6
82%
8 8
82%
A A
82%
J J
82%
O O
82%
Q Q
82%
U U
82%
X X
82%
Y Y
82%
7 7
77%
D D
77%
I I
77%
N N
77%
P P
77%
Z Z
77%
S S
68%
K K
64%
T T
45%
1 1
41%
W W
36%
E E
32%
M M
23%
G G
18%
2 2
5%
5 5
5%
9 9
5%
C C
5%
H H
5%
L L
5%
R R
5%
V V
5%
Keine übereinstimmenden Quizze gefunden
Verteilung der Resultate
Anzahl Personen mit jedem Resultat
Perzentil nach korrekt beantworteten Fragen
Ihre Resultats-Entwicklung
Sie haben dieses Quiz seit der letzten Aktualisierung nicht gespielt